Random things - Statistics

General Stats
  • This quiz has been taken 31 times
  • The average score is 40 of 45
Answer Stats
Question Tile Select % Correct
Which rapper raps "The Real Slim Shady" Eminem Yes
100%
What is one of John Cena's jobs? Wrestler Yes
100%
What is one of John Cena's jobs? Cashier No
97%
What is one of John Cena's jobs? Chemist No
97%
What is one of John Cena's jobs? Coordinator No
97%
What is one of John Cena's jobs? Family Practice Physician No
97%
What is one of John Cena's jobs? FBI No
97%
What is one of John Cena's jobs? Fueler No
97%
Which rapper raps "The Real Slim Shady" Joyner Lucas No
97%
What is one of John Cena's jobs? Welder No
97%
What is one of John Cena's jobs? Writer No
97%
Which rapper raps "The Real Slim Shady" 2pac No
93%
What movie has the song "When Christmas comes to town"? El Camino Christmas No
93%
What movie has the song "When Christmas comes to town"? Elektra No
93%
What movie is the "Lion, the witch, and the wardrobe"? Fargo No
93%
What movie is the "Lion, the witch, and the wardrobe"? Finding Nemo No
93%
What movie is the "Lion, the witch, and the wardrobe"? Frozen No
93%
What movie is the "Lion, the witch, and the wardrobe"? Ice age No
93%
What movie is the "Lion, the witch, and the wardrobe"? Inside Out No
93%
What movie is the "Lion, the witch, and the wardrobe"? Interstellar No
93%
Which rapper raps "The Real Slim Shady" J.Cole No
93%
Which rapper raps "The Real Slim Shady" Juice WRLD No
93%
What movie is the "Lion, the witch, and the wardrobe"? Napolean No
93%
What movie is the "Lion, the witch, and the wardrobe"? Narnia Yes
93%
What movie has the song "When Christmas comes to town"? Papa's cookies No
93%
Which rapper raps "The Real Slim Shady" Redman No
93%
Which rapper raps "The Real Slim Shady" SK!LLz No
93%
Which rapper raps "The Real Slim Shady" The Notorious B.I.G. No
93%
Which rapper raps "The Real Slim Shady" XXXTentacion No
93%
What movie is the "Lion, the witch, and the wardrobe"? Naild It! No
90%
Is die hard a Christmas movie? No idear No
90%
What movie has the song "When Christmas comes to town"? Padington No
90%
Is die hard a Christmas movie? (studders) No
90%
What movie has the song "When Christmas comes to town"? Christmas Chronicles No
87%
Is die hard a Christmas movie? IDK No
87%
What movie has the song "When Christmas comes to town"? Krampus No
87%
Is die hard a Christmas movie? Probably not No
87%
Is die hard a Christmas movie? Maybe No
83%
Is die hard a Christmas movie? NaH BrO No
83%
Is die hard a Christmas movie? Uhhh...no No
83%
Is die hard a Christmas movie? no No
77%
What movie has the song "When Christmas comes to town"? Die Hard No
73%
Is die hard a Christmas movie? Yes Yes
73%
What movie has the song "When Christmas comes to town"? Elf No
67%
What movie has the song "When Christmas comes to town"? Polar express Yes
33%
No matching quizzes found
Score Distribution
Percent of People with Each Score
Percentile by Number Answered
Your Score History
You have not taken this quiz